000 00646nam a2200205 a 4500
001 12448
003 CO-ViMGA
008 141112s2004 ck r 000 u spa d
020 _a8480130547
040 _aCO-ViMGA
_bspa
_cCO-ViMGA
082 0 4 _a796.077 G17p
100 1 _aGarcia, Manso Juan
_917877
245 1 0 _aPlanificacion del Entrenamiento Deportivo
260 _aMadrid :
_bGymnos,
_c1996
300 _a169p.
590 _aForma de adquisición : COMPRA - - Precio : 48.400 - - Proveedor : TUCIDIDES PEREA - - Fecha de adquisición : 09 - 06 - 2000
650 1 4 _aENTRENAMIENTO DEPORTIVO
650 1 4 _aPLANEACION
_98224
942 _2ddc
_cBK
999 _c23445
_d23445